1306 1067 1526 1739 1834 1511 1591 1785 1125 1287 1142 1028 1409 1829 1337 1883 1622 1228 1691 1564 1183 1651 1751 1838 1511 1725 1076 1402 1242 1713 1579 1223 1545 1348 1418 1761 1988 1375 1848 1615 1338 1011 1093 1901 1644 1915 1208 1423 1588 1990 1684 1607 1161 1411 1195 1368 1367 1949 1794 1796 1462 1660 1847 1423 1856 1441 1161 1211 1030 1332 1650 1761 1080 1476 1558 1311 1981 1690 1055 1263 1525 1450 1752 1009 1284 1008 1042 1950 1478 1997 1697 1055 1279 1506 1859 1245 1472 1069 1356 BCNSPRNW ULIB Ver.6.0+V

เปลี่ยนเป็นภาษาไทย

Change to English
 แสดงรายละเอียดบรรณานุกรม
  กลับหน้าหลัก

Brief Record : Get Marc (ISO 2709) : E-mail record : QR code < ปิดหน้าต่าง
LEADER : 00000nam 2200000uu 4500
001    13399122146
003     ULIB
008    130107s2554||||th 000 0 tha d
020    9786165272865
050  4 ^aPE1128^bก521 ล.2
110 1  ^aกองบรรณาธิการเอ็มไอเอส
245 00 ^aเก่ง Grammar พิชิตข้อสอบ เล่ม 2ฉบับการ์ตูนความรู้^cกองบรรณาธิการเอ็มไอเอส
260    ^aกรุงเทพฯ:เอ็มไอเอส,^c2554
300    ^a216 หน้า:^bภาพการ์ตูนสี
650  0 ^aภาษาอังกฤษ^xไวยากรณ์
650  0 ^aภาษาอังกฤษ^xการใช้ภาษา
945    ^p159^l0^i033363
945    ^p159^l0^i033364
945    ^p159^l0^i033365
995    ^aเกษร
999    ^aใช้งานได้ทุกระบบ
รายการนี้ยังไม่มีแท็ก
คุณยังไม่ได้ล็อกอิน คุณสามารถมีกิจกรรมร่วมกับเว็บไซต์ได้ แต่ต้องล็อกอินก่อน ::
  ล็อกอิน

รายการสื่อสารสนเทศ

ลำดับที่ ประเภท เลขเรียก/บาร์โค้ด สถานที่ สถานะ
1. วิทยาศาสตร์การแพทย์ และสุขภาพ
หนังสือสำรอง
สถานะ=หนังสือสำรอง
PE1128 ก521 ล.2 ฉ.1 
  Barcode: 033363
ห้องสมุดวิทยาเขตสวรรค์ประชารักษ์
►หนังสือทั่วไป
บนชั้น
2. วิทยาศาสตร์การแพทย์ และสุขภาพ
วิทยาศาสตร์การแพทย์ และสุขภาพ
PE1128 ก521 ล.2 ฉ.2 
  Barcode: 033364
ห้องสมุดวิทยาเขตสวรรค์ประชารักษ์
►หนังสือทั่วไป
ถูกยืม กำหนดส่งวันที่ 30 มิถุนายน 2568
  จอง
3. วิทยาศาสตร์การแพทย์ และสุขภาพ
วิทยาศาสตร์การแพทย์ และสุขภาพ
PE1128 ก521 ล.2 ฉ.3 
  Barcode: 033365
ห้องสมุดวิทยาเขตสวรรค์ประชารักษ์
►หนังสือทั่วไป
บนชั้น

รายการใกล้เคียง
    หัวเรื่อง [ภาษาอังกฤษ การใช้ภาษา]

BibComment


ยังไม่เคยถูกคอมเมนท์

คอมเมนท์ทรัพยากรรายการนี้
  คอมเมนท์: เก่ง Grammar พิช..


 Copyright 2026. Bcnsprnw @Library